[Event "Grand Swiss "]
[Date "2025.09.11"]
[White "Lagarde, Maxime"]
[Black "Oparin, Grigoriy"]
[WhiteElo "2609"]
[BlackElo "2660"]
[Round "7.7.29"]
[Result "1/2-1/2"]

1. e4 {[%clk 01:40:58] [%emt 00:00:01]} c5 {[%clk 01:40:57] [%emt 00:00:04]} 2.
Nf3 {[%clk 01:41:26] [%emt 00:00:03]} d6 {[%clk 01:41:22] [%emt 00:00:04]} 3. d4
{[%clk 01:41:49] [%emt 00:00:06]} cxd4 {[%clk 01:41:47] [%emt 00:00:05]} 4. Nxd4
{[%clk 01:42:12] [%emt 00:00:07]} Nf6 {[%clk 01:42:13] [%emt 00:00:04]} 5. Nc3
{[%clk 01:42:39] [%emt 00:00:04]} a6 {[%clk 01:42:39] [%emt 00:00:04]} 6. g3
{[%clk 01:39:11] [%emt 00:03:58]} e5 {[%clk 01:42:58] [%emt 00:00:10]} 7. Nb3
{[%clk 01:39:38] [%emt 00:00:04]} Be7 {[%clk 01:42:54] [%emt 00:00:34]} 8. Bg5
{[%clk 01:39:58] [%emt 00:00:10]} Nbd7 {[%clk 01:42:48] [%emt 00:00:36]} 9. a4
{[%clk 01:40:18] [%emt 00:00:09]} h6 {[%clk 01:42:56] [%emt 00:00:23]} 10. Be3
{[%clk 01:40:30] [%emt 00:00:18]} O-O {[%clk 01:43:00] [%emt 00:00:26]} 11. h4
{[%clk 01:23:45] [%emt 00:17:15]} Nb8 {[%clk 01:40:06] [%emt 00:03:24]} 12. Bg5
{[%clk 00:56:16] [%emt 00:27:59]} hxg5 {[%clk 00:51:56] [%emt 00:48:41]} 13.
hxg5 {[%clk 00:56:40] [%emt 00:00:06]} Bg4 {[%clk 00:52:23] [%emt 00:00:02]} 14.
Be2 {[%clk 00:53:18] [%emt 00:03:52]} Nxe4 {[%clk 00:52:30] [%emt 00:00:23]} 15.
Nxe4 {[%clk 00:42:18] [%emt 00:11:30]} Bf5 {[%clk 00:52:55] [%emt 00:00:04]} 16.
Bd3 {[%clk 00:17:25] [%emt 00:25:24]} g6 {[%clk 00:53:20] [%emt 00:00:05]} 17.
f4 {[%clk 00:14:14] [%emt 00:03:41]} Nc6 {[%clk 00:32:22] [%emt 00:21:28]} 18.
Qf3 {[%clk 00:10:44] [%emt 00:03:59]} Nb4 {[%clk 00:17:13] [%emt 00:15:40]} 19.
O-O-O {[%clk 00:04:34] [%emt 00:06:40]} Kg7 {[%clk 00:16:05] [%emt 00:01:38]}
20. Kb1 {[%clk 00:02:38] [%emt 00:02:26]} Nxd3 {[%clk 00:13:32] [%emt 00:03:02]}
21. Rxd3 {[%clk 00:03:04] [%emt 00:00:03]} Rh8 {[%clk 00:12:24] [%emt 00:01:38]}
22. fxe5 {[%clk 00:01:35] [%emt 00:02:00]} Rxh1+ {[%clk 00:12:23] [%emt
00:00:31]} 23. Qxh1 {[%clk 00:02:00] [%emt 00:00:05]} Qh8 {[%clk 00:12:50] [%emt
00:00:03]} 24. Qe1 {[%clk 00:00:39] [%emt 00:01:51]} dxe5 {[%clk 00:13:15] [%emt
00:00:05]} 25. g4 {[%clk 00:00:38] [%emt 00:00:30]} Bxg4 {[%clk 00:07:51] [%emt
00:05:54]} 26. Nf2 {[%clk 00:01:06] [%emt 00:00:02]} Be6 {[%clk 00:07:59] [%emt
00:00:22]} 27. Nc5 {[%clk 00:01:33] [%emt 00:00:04]} Bxc5 {[%clk 00:08:13] [%emt
00:00:15]} 28. Qxe5+ {[%clk 00:02:00] [%emt 00:00:02]} Kg8 {[%clk 00:08:34]
[%emt 00:00:10]} 29. Qxc5 {[%clk 00:02:28] [%emt 00:00:03]} Qh4 {[%clk 00:06:13]
[%emt 00:02:50]} 30. Qd4 {[%clk 00:01:38] [%emt 00:01:19]} Qxd4 {[%clk 00:05:10]
[%emt 00:01:33]} 31. Rxd4 {[%clk 00:02:06] [%emt 00:00:03]} Kg7 {[%clk 00:05:02]
[%emt 00:00:38]} 32. b4 {[%clk 00:00:59] [%emt 00:01:36]} f6 {[%clk 00:03:15]
[%emt 00:02:17]} 33. Rd6 {[%clk 00:01:08] [%emt 00:00:22]} Re8 {[%clk 00:03:20]
[%emt 00:00:24]} 34. Ne4 {[%clk 00:01:00] [%emt 00:00:39]} fxg5 {[%clk 00:03:20]
[%emt 00:00:29]} 35. Nxg5 {[%clk 00:01:21] [%emt 00:00:09]} Bf5 {[%clk 00:03:35]
[%emt 00:00:15]} 36. Nf3 {[%clk 00:01:24] [%emt 00:00:27]} Be4 {[%clk 00:02:49]
[%emt 00:01:16]} 37. Nd4 {[%clk 00:01:38] [%emt 00:00:17]} Kf7 {[%clk 00:03:01]
[%emt 00:00:18]} 38. b5 {[%clk 00:01:37] [%emt 00:00:31]} axb5 {[%clk 00:02:38]
[%emt 00:00:53]} 39. Nxb5 {[%clk 00:02:02] [%emt 00:00:05]} Re7 {[%clk 00:01:40]
[%emt 00:01:27]} 40. Nc3 {[%clk 00:01:07] [%emt 00:01:26]} Bf3 {[%clk 00:00:49]
[%emt 00:01:21]} 41. a5 {[%clk 00:37:46] [%emt 00:13:51]} g5 {[%clk 00:50:03]
[%emt 00:01:15]} 42. Nd5 {[%clk 00:20:11] [%emt 00:18:06]} Bxd5 {[%clk 00:35:58]
[%emt 00:14:35]} 43. Rxd5 {[%clk 00:20:38] [%emt 00:00:04]} Kf6 {[%clk 00:36:23]
[%emt 00:00:04]} 44. Rd6+ {[%clk 00:16:27] [%emt 00:04:41]} Ke5 {[%clk 00:35:02]
[%emt 00:01:51]} 45. Rg6 {[%clk 00:09:21] [%emt 00:07:35]} Kf5 {[%clk 00:35:28]
[%emt 00:00:04]} 46. Rg8 {[%clk 00:09:34] [%emt 00:00:17]} g4 {[%clk 00:35:53]
[%emt 00:00:05]} 47. Kb2 {[%clk 00:09:39] [%emt 00:00:26]} Rf7 {[%clk 00:11:31]
[%emt 00:24:52]} 48. Kb3 {[%clk 00:07:34] [%emt 00:02:35]} Kf4 {[%clk 00:11:40]
[%emt 00:00:21]} 49. Kb4 {[%clk 00:07:31] [%emt 00:00:33]} g3 {[%clk 00:11:25]
[%emt 00:00:45]} 50. Kb5 {[%clk 00:04:57] [%emt 00:03:05]} Rf5+ {[%clk 00:04:41]
[%emt 00:07:13]} 51. Kb6 {[%clk 00:05:21] [%emt 00:00:06]} Rg5 {[%clk 00:05:07]
[%emt 00:00:03]} 52. Rd8 {[%clk 00:04:35] [%emt 00:01:17]} g2 {[%clk 00:04:11]
[%emt 00:01:27]} 53. Rd1 {[%clk 00:05:01] [%emt 00:00:04]} Ke3 {[%clk 00:04:38]
[%emt 00:00:03]} 54. c4 {[%clk 00:04:28] [%emt 00:01:03]} g1=Q {[%clk 00:04:20]
[%emt 00:00:47]} 55. Rxg1 {[%clk 00:04:54] [%emt 00:00:03]} Rxg1 {[%clk
00:04:47] [%emt 00:00:04]} 56. Kxb7 {[%clk 00:05:22] [%emt 00:00:03]} Rg7+
{[%clk 00:04:36] [%emt 00:00:40]} 57. Kb6 {[%clk 00:05:05] [%emt 00:00:47]} Rg6+
{[%clk 00:05:02] [%emt 00:00:04]} 58. Kb7 {[%clk 00:05:23] [%emt 00:00:12]} Kd4
{[%clk 00:05:13] [%emt 00:00:18]} 59. a6 {[%clk 00:05:50] [%emt 00:00:04]} Rxa6
{[%clk 00:05:16] [%emt 00:00:27]} 60. Kxa6 {[%clk 00:06:16] [%emt 00:00:04]}
Kxc4 {[%emt 00:00:04]} 1/2-1/2

[Site "Europe Echecs"]

[Event "Grand Swiss "]
[Date "2025.09.11"]
[White "Sadhwani, Raunak"]
[Black "Predke, Alexandr"]
[WhiteElo "2658"]
[BlackElo "2609"]
[Round "7.7.30"]
[Result "1/2-1/2"]

1. e4 {[%clk 01:40:58] [%emt 00:00:01]} e5 {[%clk 01:40:10] [%emt 00:00:50]} 2.
Nf3 {[%clk 01:41:23] [%emt 00:00:05]} Nc6 {[%clk 01:40:35] [%emt 00:00:05]} 3.
Bc4 {[%clk 01:41:50] [%emt 00:00:04]} Nf6 {[%clk 01:40:59] [%emt 00:00:06]} 4.
d3 {[%clk 01:42:15] [%emt 00:00:04]} Bc5 {[%clk 01:41:23] [%emt 00:00:05]} 5.
O-O {[%clk 01:42:33] [%emt 00:00:12]} d6 {[%clk 01:41:12] [%emt 00:00:41]} 6. c3
{[%clk 01:42:58] [%emt 00:00:05]} a6 {[%clk 01:41:31] [%emt 00:00:11]} 7. a4
{[%clk 01:43:16] [%emt 00:00:12]} Ba7 {[%clk 01:41:41] [%emt 00:00:20]} 8. h3
{[%clk 01:42:29] [%emt 00:01:16]} h6 {[%clk 01:41:25] [%emt 00:00:46]} 9. Be3
{[%clk 01:41:12] [%emt 00:01:47]} O-O {[%clk 01:41:18] [%emt 00:00:37]} 10. Nbd2
{[%clk 01:32:18] [%emt 00:09:24]} a5 {[%clk 01:41:28] [%emt 00:00:20]} 11. Bxa7
{[%clk 01:30:38] [%emt 00:02:10]} Rxa7 {[%clk 01:41:43] [%emt 00:00:15]} 12. Re1
{[%clk 01:31:02] [%emt 00:00:05]} Ra8 {[%clk 01:42:00] [%emt 00:00:14]} 13. Nf1
{[%clk 01:30:45] [%emt 00:00:47]} Ne7 {[%clk 01:41:54] [%emt 00:00:36]} 14. d4
{[%clk 01:24:25] [%emt 00:06:50]} Ng6 {[%clk 01:41:20] [%emt 00:01:03]} 15. dxe5
{[%clk 01:15:17]} Nxe5 {[%clk 01:35:10]} 16. Nxe5 {[%clk 01:15:17]} dxe5 {[%clk
01:35:10] [%emt 00:00:21]} 17. Qxd8 {[%clk 01:15:38]} Rxd8 {[%clk 01:35:35]
[%emt 00:00:14]} 18. f3 {[%clk 01:16:03] [%emt 00:00:05]} Kf8 {[%clk 01:27:19]
[%emt 00:08:47]} 19. Ne3 {[%clk 01:15:50] [%emt 00:00:42]} Ke7 {[%clk 01:26:49]
[%emt 00:01:00]} 20. Red1 {[%clk 01:11:46] [%emt 00:04:35]} Rxd1+ {[%clk
01:20:14] [%emt 00:07:06]} 21. Rxd1 {[%clk 01:11:43] [%emt 00:00:32]} Bd7 {[%clk
01:19:56] [%emt 00:00:48]} 22. Bb3 {[%clk 01:06:16] [%emt 00:05:57]} Ra6 {[%clk
01:13:11] [%emt 00:07:15]} 23. Bc4 {[%clk 01:04:14] [%emt 00:02:32]} Ra8 {[%clk
01:12:52] [%emt 00:00:49]} 24. Bb3 {[%clk 01:04:39] [%emt 00:00:05]} Ra6 {[%clk
01:10:05] [%emt 00:03:17]} 25. Bc4 {[%clk 01:05:02] [%emt 00:00:06]} Ra8 {[%clk
01:10:33] [%emt 00:00:02]} 26. Bb3 {[%emt 00:00:48]} 1/2-1/2

[Site "Europe Echecs"]

[Event "Grand Swiss "]
[Date "2025.09.11"]
[White "Najer, Evgeniy"]
[Black "Grischuk, Alexander"]
[WhiteElo "2613"]
[BlackElo "2657"]
[Round "7.7.31"]
[Result "1/2-1/2"]

1. e4 {[%clk 01:40:57] [%emt 00:00:01]} c5 {[%clk 01:40:20] [%emt 00:00:41]} 2.
Nf3 {[%clk 01:41:12] [%emt 00:00:14]} d6 {[%clk 01:40:45] [%emt 00:00:05]} 3. d4
{[%clk 01:41:27] [%emt 00:00:15]} cxd4 {[%clk 01:41:10] [%emt 00:00:05]} 4. Nxd4
{[%clk 01:41:54] [%emt 00:00:03]} Nf6 {[%clk 01:41:35] [%emt 00:00:06]} 5. Nc3
{[%clk 01:42:21] [%emt 00:00:03]} a6 {[%clk 01:42:00] [%emt 00:00:05]} 6. f4
{[%clk 01:42:38] [%emt 00:00:13]} e5 {[%clk 01:37:27] [%emt 00:05:03]} 7. Nb3
{[%clk 01:42:41] [%emt 00:00:27]} Nc6 {[%clk 01:36:55] [%emt 00:01:01]} 8. f5
{[%clk 01:42:46] [%emt 00:00:26]} b5 {[%clk 01:22:41] [%emt 00:14:44]} 9. Bd3
{[%clk 01:37:52] [%emt 00:05:24]} Bb7 {[%clk 01:17:07] [%emt 00:06:04]} 10. O-O
{[%clk 01:26:06] [%emt 00:12:16]} Be7 {[%clk 01:01:25] [%emt 00:16:12]} 11. Nd5
{[%clk 01:12:27] [%emt 00:14:09]} Nxd5 {[%clk 00:42:27] [%emt 00:19:28]} 12.
exd5 {[%clk 01:12:40] [%emt 00:00:17]} Nb8 {[%clk 00:42:03] [%emt 00:00:54]} 13.
Qg4 {[%clk 01:09:16] [%emt 00:03:54]} Bf6 {[%clk 00:35:58] [%emt 00:06:35]} 14.
Be4 {[%clk 00:32:13] [%emt 00:37:33]} Nd7 {[%clk 00:32:23] [%emt 00:04:04]} 15.
Be3 {[%clk 00:32:39] [%emt 00:00:04]} Rc8 {[%clk 00:30:10] [%emt 00:02:44]} 16.
Rad1 {[%clk 00:29:37] [%emt 00:03:32]} h6 {[%clk 00:28:47] [%emt 00:01:54]} 17.
h4 {[%clk 00:17:54] [%emt 00:12:12]} h5 {[%clk 00:25:20] [%emt 00:03:57]} 18.
Qh3 {[%clk 00:15:13] [%emt 00:03:12]} Bxh4 {[%clk 00:23:13] [%emt 00:02:36]} 19.
f6 {[%clk 00:12:13] [%emt 00:03:30]} Bxf6 {[%clk 00:22:47] [%emt 00:00:56]} 20.
Bf5 {[%clk 00:12:41] [%emt 00:00:02]} Rc4 {[%clk 00:15:36] [%emt 00:07:41]} 21.
Nd2 {[%clk 00:11:36] [%emt 00:01:35]} Rh4 {[%clk 00:07:41] [%emt 00:08:25]} 22.
Qg3 {[%clk 00:12:04] [%emt 00:00:02]} Nb6 {[%clk 00:05:52] [%emt 00:02:19]} 23.
Ne4 {[%clk 00:11:42] [%emt 00:00:53]} Rxe4 {[%clk 00:03:36] [%emt 00:02:45]} 24.
Bxe4 {[%clk 00:12:09] [%emt 00:00:04]} Nc4 {[%clk 00:03:59] [%emt 00:00:06]} 25.
Bc1 {[%clk 00:11:39] [%emt 00:01:00]} h4 {[%clk 00:03:47] [%emt 00:00:42]} 26.
Qf3 {[%clk 00:11:15] [%emt 00:00:54]} Nb6 {[%clk 00:02:29] [%emt 00:01:49]} 27.
b3 {[%clk 00:10:45] [%emt 00:01:00]} Nd7 {[%clk 00:01:41] [%emt 00:01:17]} 28.
Be3 {[%clk 00:10:40] [%emt 00:00:35]} Qc7 {[%clk 00:02:08] [%emt 00:00:03]} 29.
c4 {[%clk 00:09:46] [%emt 00:01:24]} bxc4 {[%clk 00:01:36] [%emt 00:01:02]} 30.
Rc1 {[%clk 00:09:35] [%emt 00:00:42]} c3 {[%clk 00:01:51] [%emt 00:00:15]} 31.
Bf2 {[%clk 00:09:41] [%emt 00:00:23]} Qd8 {[%clk 00:02:01] [%emt 00:00:21]} 32.
Rxc3 {[%clk 00:08:20] [%emt 00:01:51]} O-O {[%clk 00:01:36] [%emt 00:00:55]} 33.
Bxh4 {[%clk 00:02:39] [%emt 00:06:11]} Bxh4 {[%clk 00:02:01] [%emt 00:00:04]}
34. Qh5 {[%clk 00:03:07] [%emt 00:00:02]} f5 {[%clk 00:01:00] [%emt 00:01:31]}
35. Rxf5 {[%clk 00:03:23] [%emt 00:00:14]} Rxf5 {[%clk 00:01:06] [%emt
00:00:24]} 36. Bxf5 {[%clk 00:03:51] [%emt 00:00:02]} Nf8 {[%clk 00:01:21] [%emt
00:00:16]} 37. Rh3 {[%clk 00:02:47] [%emt 00:01:33]} g5 {[%clk 00:01:45] [%emt
00:00:06]} 38. Qg4 {[%clk 00:00:36] [%emt 00:02:41]} Kf7 {[%clk 00:01:04] [%emt
00:01:11]} 39. g3 {[%clk 00:00:35] [%emt 00:00:31]} Qb6+ {[%clk 00:01:07] [%emt
00:00:27]} 40. Kf1 {[%clk 00:00:50] [%emt 00:00:16]} Qe3 {[%clk 00:00:37] [%emt
00:00:59]} 41. gxh4 {[%clk 00:45:20] [%emt 00:06:00]} Qc1+ {[%clk 00:48:12]
[%emt 00:02:54]} 42. Kf2 {[%clk 00:43:24] [%emt 00:02:27]} Bxd5 {[%clk 00:35:45]
[%emt 00:12:57]} 43. Rd3 {[%clk 00:33:05] [%emt 00:10:49]} Qc5+ {[%clk 00:30:51]
[%emt 00:05:24]} 44. Re3 {[%clk 00:23:30] [%emt 00:10:05]} gxh4 {[%clk 00:28:59]
[%emt 00:02:22]} 45. b4 {[%clk 00:18:28] [%emt 00:05:33]} Qc1 {[%clk 00:23:27]
[%emt 00:06:02]} 46. Qh5+ {[%clk 00:17:30] [%emt 00:01:27]} Kf6 {[%clk 00:23:08]
[%emt 00:00:50]} 47. Qxh4+ {[%clk 00:14:05] [%emt 00:03:54]} Kf7 {[%clk
00:21:28] [%emt 00:02:10]} 48. Qh5+ {[%clk 00:12:54] [%emt 00:01:42]} Kf6 {[%clk
00:20:21] [%emt 00:01:36]} 49. Qh6+ {[%clk 00:12:03] [%emt 00:01:21]} Kf7 {[%clk
00:20:45] [%emt 00:00:06]} 50. Qh5+ {[%clk 00:10:07] [%emt 00:02:26]} Kf6 {[%clk
00:20:58] [%emt 00:00:17]} 51. Be4 {[%clk 00:06:31] [%emt 00:04:06]} Bxe4 {[%clk
00:19:04] [%emt 00:02:24]} 52. Qh4+ {[%clk 00:06:47] [%emt 00:00:15]} Kf7 {[%clk
00:17:50] [%emt 00:01:44]} 53. Qxe4 {[%clk 00:07:14] [%emt 00:00:03]} Ne6 {[%clk
00:18:09] [%emt 00:00:10]} 54. Rg3 {[%clk 00:03:43] [%emt 00:04:01]} Qd2+ {[%clk
00:16:53] [%emt 00:01:46]} 55. Kg1 {[%clk 00:04:11] [%emt 00:00:03]} Qc1+ {[%clk
00:16:40] [%emt 00:00:41]} 56. Kh2 {[%clk 00:04:36] [%emt 00:00:06]} Qh6+ {[%clk
00:16:44] [%emt 00:00:25]} 57. Kg1 {[%clk 00:04:07] [%emt 00:01:00]} Qc1+ {[%clk
00:17:03] [%emt 00:00:11]} 58. Kf2 {[%clk 00:03:54] [%emt 00:00:44]} Qd2+ {[%clk
00:17:15] [%emt 00:00:17]} 59. Kf1 {[%clk 00:03:25] [%emt 00:00:59]} Qc1+ {[%clk
00:16:43] [%emt 00:01:01]} 60. Kf2 {[%clk 00:01:02] [%emt 00:02:54]} Qd2+ {[%emt
00:01:27]} 1/2-1/2

[Site "Europe Echecs"]

[Event "Grand Swiss "]
[Date "2025.09.11"]
[White "Gelfand, Boris"]
[Black "Narayanan S L"]
[WhiteElo "2652"]
[BlackElo "2591"]
[Round "7.7.32"]
[Result "1/2-1/2"]

1. Nf3 {[%clk 01:40:59]} d5 {[%clk 01:40:53] [%emt 00:00:07]} 2. c4 {[%clk
01:41:16] [%emt 00:00:13]} e6 {[%clk 01:40:59] [%emt 00:00:24]} 3. g3 {[%clk
01:41:38] [%emt 00:00:08]} Nf6 {[%clk 01:40:45] [%emt 00:00:43]} 4. Bg2 {[%clk
01:41:25] [%emt 00:00:44]} Be7 {[%clk 01:40:30] [%emt 00:00:45]} 5. O-O {[%clk
01:41:00] [%emt 00:00:55]} O-O {[%clk 01:40:53] [%emt 00:00:07]} 6. d4 {[%clk
01:41:29] [%emt 00:00:02]} Nbd7 {[%clk 01:41:11] [%emt 00:00:12]} 7. Qc2 {[%clk
01:40:13] [%emt 00:01:45]} a5 {[%clk 01:41:33] [%emt 00:00:08]} 8. Rd1 {[%clk
01:39:16] [%emt 00:01:27]} dxc4 {[%clk 01:37:57] [%emt 00:04:06]} 9. a3 {[%clk
01:38:02] [%emt 00:01:45]} h6 {[%clk 01:23:51] [%emt 00:14:36]} 10. Nfd2 {[%clk
01:08:03] [%emt 00:30:29]} Nb6 {[%clk 01:16:28] [%emt 00:07:52]} 11. Nxc4 {[%clk
01:01:48] [%emt 00:06:46]} Nxc4 {[%clk 01:16:47] [%emt 00:00:10]} 12. Qxc4
{[%clk 01:02:17] [%emt 00:00:02]} e5 {[%clk 01:17:03] [%emt 00:00:13]} 13. Nc3
{[%clk 01:02:35] [%emt 00:00:12]} Be6 {[%clk 01:16:27] [%emt 00:01:05]} 14. d5
{[%clk 01:00:38] [%emt 00:02:28]} Bd7 {[%clk 01:16:35] [%emt 00:00:22]} 15. Nb5
{[%clk 00:54:07] [%emt 00:07:02]} Ne8 {[%clk 01:12:11] [%emt 00:04:53]} 16. Be3
{[%clk 00:47:36] [%emt 00:07:02]} Nd6 {[%clk 01:06:59] [%emt 00:05:41]} 17. Nxd6
{[%clk 00:47:21] [%emt 00:00:45]} Bxd6 {[%clk 01:07:22] [%emt 00:00:07]} 18. Bc5
{[%clk 00:47:35] [%emt 00:00:17]} b6 {[%clk 00:48:28] [%emt 00:19:24]} 19. Bxd6
{[%clk 00:47:08] [%emt 00:00:57]} cxd6 {[%clk 00:48:54] [%emt 00:00:03]} 20.
Rac1 {[%clk 00:47:15] [%emt 00:00:23]} Rc8 {[%clk 00:47:23] [%emt 00:02:00]} 21.
Qa6 {[%clk 00:46:06] [%emt 00:01:41]} Rxc1 {[%clk 00:44:16] [%emt 00:03:37]} 22.
Rxc1 {[%clk 00:45:43] [%emt 00:00:52]} Qb8 {[%clk 00:44:39] [%emt 00:00:07]} 23.
e4 {[%clk 00:34:37] [%emt 00:11:36]} Rc8 {[%clk 00:40:56] [%emt 00:04:13]} 24.
Rxc8+ {[%clk 00:34:18] [%emt 00:00:50]} Qxc8 {[%clk 00:41:16] [%emt 00:00:10]}
25. Qxc8+ {[%clk 00:34:35] [%emt 00:00:12]} Bxc8 {[%clk 00:41:41] [%emt
00:00:06]} 26. f3 {[%clk 00:34:51] [%emt 00:00:14]} g5 {[%clk 00:38:01] [%emt
00:04:09]} 27. g4 {[%clk 00:33:06] [%emt 00:02:16]} Kf8 {[%clk 00:38:15] [%emt
00:00:16]} 28. Bf1 {[%clk 00:33:24] [%emt 00:00:12]} Bd7 {[%clk 00:38:39] [%emt
00:00:05]} 29. Kf2 {[%clk 00:33:38] [%emt 00:00:16]} Ke7 {[%clk 00:39:05] [%emt
00:00:05]} 30. Ke3 {[%clk 00:33:56] [%emt 00:00:11]} Kd8 {[%clk 00:39:30] [%emt
00:00:05]} 1/2-1/2

[Site "Europe Echecs"]

[Event "Grand Swiss "]
[Date "2025.09.11"]
[White "Grandelius, Nils"]
[Black "Suleymanli, Aydin"]
[WhiteElo "2648"]
[BlackElo "2602"]
[Round "7.7.33"]
[Result "1/2-1/2"]

1. e4 {[%clk 01:40:41] [%emt 00:00:19]} e5 {[%clk 01:40:52] [%emt 00:00:08]} 2.
Nf3 {[%clk 01:40:50] [%emt 00:00:19]} Nc6 {[%clk 01:41:15] [%emt 00:00:10]} 3.
Bb5 {[%clk 01:40:44] [%emt 00:00:33]} a6 {[%clk 01:41:41] [%emt 00:00:06]} 4.
Ba4 {[%clk 01:41:08] [%emt 00:00:06]} Nf6 {[%clk 01:42:07] [%emt 00:00:04]} 5.
O-O {[%clk 01:40:50] [%emt 00:00:46]} Be7 {[%clk 01:42:26] [%emt 00:00:13]} 6.
Re1 {[%clk 01:40:35] [%emt 00:00:44]} b5 {[%clk 01:42:06] [%emt 00:00:52]} 7.
Bb3 {[%clk 01:40:58] [%emt 00:00:06]} O-O {[%clk 01:42:22] [%emt 00:00:14]} 8.
a4 {[%clk 01:41:06] [%emt 00:00:22]} Bb7 {[%clk 01:42:40] [%emt 00:00:12]} 9. c3
{[%clk 01:37:18] [%emt 00:04:18]} d5 {[%clk 01:42:05] [%emt 00:01:05]} 10. exd5
{[%clk 01:37:11] [%emt 00:00:38]} Nxd5 {[%clk 01:42:29] [%emt 00:00:05]} 11.
axb5 {[%clk 01:36:55] [%emt 00:00:46]} axb5 {[%clk 01:42:46] [%emt 00:00:12]}
12. Rxa8 {[%clk 01:37:19] [%emt 00:00:07]} Bxa8 {[%clk 01:43:10] [%emt
00:00:06]} 13. d4 {[%clk 01:37:14] [%emt 00:00:36]} exd4 {[%clk 01:40:45] [%emt
00:02:54]} 14. Qd3 {[%clk 01:37:11] [%emt 00:00:33]} Bf6 {[%clk 01:30:08] [%emt
00:11:08]} 15. Qxb5 {[%clk 01:34:04] [%emt 00:03:36]} Nde7 {[%clk 01:18:29]
[%emt 00:12:09]} 16. Nbd2 {[%clk 01:31:57] [%emt 00:02:38]} Na7 {[%clk 01:07:46]
[%emt 00:11:13]} 17. Qa6 {[%clk 00:49:59] [%emt 00:42:28]} dxc3 {[%clk 01:03:11]
[%emt 00:05:05]} 18. bxc3 {[%clk 00:49:44] [%emt 00:00:45]} Bxf3 {[%clk
00:51:36] [%emt 00:12:05]} 19. Nxf3 {[%clk 00:48:56] [%emt 00:01:17]} Nac8
{[%clk 00:48:24] [%emt 00:03:42]} 20. c4 {[%clk 00:41:38] [%emt 00:07:48]} Qd6
{[%clk 00:38:39] [%emt 00:10:15]} 21. Qb5 {[%clk 00:30:38] [%emt 00:11:31]} Na7
{[%clk 00:35:36] [%emt 00:03:33]} 22. Qa4 {[%clk 00:30:37] [%emt 00:00:29]} Nac6
{[%clk 00:32:02] [%emt 00:04:06]} 23. Rd1 {[%clk 00:29:05] [%emt 00:02:01]} Qc5
{[%clk 00:26:58] [%emt 00:05:33]} 24. Be3 {[%clk 00:26:49] [%emt 00:02:47]} Qa5
{[%clk 00:25:02] [%emt 00:02:26]} 25. g3 {[%clk 00:21:05] [%emt 00:06:14]} h6
{[%clk 00:21:06] [%emt 00:04:26]} 26. c5 {[%clk 00:16:23] [%emt 00:05:12]} Qxa4
{[%clk 00:20:35] [%emt 00:01:02]} 27. Bxa4 {[%clk 00:16:52] [%emt 00:00:01]} Rd8
{[%clk 00:17:23] [%emt 00:03:41]} 28. Rb1 {[%clk 00:16:27] [%emt 00:00:55]} Rb8
{[%clk 00:15:54] [%emt 00:01:59]} 29. Rd1 {[%clk 00:11:42] [%emt 00:05:15]} Rd8
{[%clk 00:15:51] [%emt 00:00:33]} 30. Rc1 {[%clk 00:06:41] [%emt 00:05:31]} Nb4
{[%clk 00:15:28] [%emt 00:00:53]} 31. Bb3 {[%clk 00:05:18] [%emt 00:01:54]} Nf5
{[%clk 00:14:34] [%emt 00:01:23]} 32. Rc4 {[%clk 00:02:06] [%emt 00:03:43]} Nc6
{[%clk 00:12:46] [%emt 00:02:18]} 33. Re4 {[%clk 00:01:48] [%emt 00:00:47]} Na5
{[%clk 00:11:25] [%emt 00:01:51]} 34. Ba2 {[%clk 00:01:30] [%emt 00:00:47]} Nb7
{[%clk 00:09:08] [%emt 00:02:49]} 35. c6 {[%clk 00:00:54] [%emt 00:01:05]} Nbd6
{[%clk 00:06:09] [%emt 00:03:30]} 36. Rb4 {[%clk 00:01:03] [%emt 00:00:20]} Nxe3
{[%clk 00:01:59] [%emt 00:04:41]} 37. fxe3 {[%clk 00:01:32] [%emt 00:00:01]} Re8
{[%clk 00:02:21] [%emt 00:00:08]} 38. Kf2 {[%clk 00:01:19] [%emt 00:00:41]} Be7
{[%clk 00:01:04] [%emt 00:01:48]} 39. Bd5 {[%clk 00:00:45] [%emt 00:01:05]} Nf5
{[%emt 00:01:34]} 1/2-1/2

[Site "Europe Echecs"]